| 000 | 00382nam a22001457a 4500 | ||
|---|---|---|---|
| 020 | _a0-8160-4459-7 | ||
| 082 |
_a030 _bMAN/F |
||
| 100 | _aMANSER, MARTIN H | ||
| 245 | _aFOREIGN WORDS AND PHRASES | ||
| 260 |
_aNEW YORK _bCKECKMARK BOOKS _c2002 |
||
| 300 | _a432 | ||
| 520 | _aMORE THAN 4000 TERMS AND EXPRESSIONS FROM AROUND THE WORLD | ||
| 650 |
_aDICTIONARY _zINDIA |
||
| 942 | _cBK | ||
| 999 |
_c1725 _d1725 |
||